|
|
|
|
| LEADER |
00920ncm a22002412a 4500 |
| 001 |
001243134 |
| 003 |
CZ BrMZK |
| 005 |
20120828084057.0 |
| 007 |
qu |
| 008 |
120828s1935 gw |||||||||||||||||zxx d |
| 040 |
|
|
|a BOA001
|b cze
|
| 072 |
|
7 |
|a 787
|x Hudba pro strunné a smyčcové nástroje
|2 Konspekt
|9 9
|
| 100 |
1 |
|
|a Mozart, Wolfgang Amadeus,
|d 1756-1791
|7 jn19990005867
|4 cmp
|
| 245 |
1 |
0 |
|a Serenade (K.V. Nr. 525)
|h [hudebnina] :
|b Eine kleine Nachtmusik : für 2 Violinen, Viola, Violoncello und Kontrabass /
|c Wolfgang Amadeus Mozart ; für Violine und Klavier bearb. von C.O. Larssen
|
| 260 |
|
|
|a Mainz :
|b Schott,
|c [1935?]
|
| 300 |
|
|
|a 7, 19 s.
|
| 490 |
1 |
|
|a Edition Schott ;
|v Nr. 1599
|
| 700 |
1 |
|
|a Larssen, C.O.
|4 adp
|
| 830 |
|
0 |
|a Edition Schott
|
| 910 |
|
|
|a BOA001
|b Mus4-0576.395
|
| 990 |
|
|
|a MU
|
| 991 |
|
|
|b 201208
|
| 996 |
6 |
|
|b 2619106566
|c Mus4-0576.395
|l MZK
|r Sklad / do 1 hodiny
|n 0
|w 001277122
|u 000010
|a 1
|e BOA001
|j MZK50
|s P
|